LEADER 01040nam0 22002411i 450 001 VAN0041599 005 20210412041429.964 010 $a39-09-06418-3 100 $a20060306d1998 |0itac50 ba 101 $ager 102 $aDE 105 $a|||| ||||| 200 1 $aPanathenaische Preisamphoren$eeine athenische Vasengattung und ihre Funktion vom 6.-4. Jahrhundert v. Chr.$fMartin Bentz$gherausgegeben von der Vereinigung der Freunde antiker Kunst 210 $aBasel$cVereinigung der Freunde antiker Kunst$dc1998 215 $a240 p., 136 p. di tav.$cill.$d29 cm. 620 $dBasel$3VANL002076 700 1$aBentz$bMartin$3VANV034374$0171071 801 $aIT$bSOL$c20221111$gRICA 899 $aBIBLIOTECA DEL DIPARTIMENTO DI LETTERE E BENI CULTURALI$1IT-CE0103$2VAN07 912 $aVAN0041599 950 $aBIBLIOTECA DEL DIPARTIMENTO DI LETTERE E BENI CULTURALI$d07CONS Mb 161 $e07 12718 20060515 996 $aPanathenaIsche Preisamphoren$9178124 997 $aUNICAMPANIA LEADER 01127nam0 22002653i 450 001 VAN00069073 005 20240806100546.456 010 $a88-495-1333-x 100 $a20090423d2006 |0itac50 ba 101 $aita 102 $aIT 105 $a|||| ||||| 200 1 $aDiritto e diritti di fronte alla morte: dall'eutanasia al diritto di morire$eatti del Seminario di studi, Napoli 15 dicembre 2003$fa cura di Michele Corleto 205 $aNapoli [etc.] : Edizioni scientifiche italiane$b©2006 210 $a109 p.$cill. ; 21 cm 215 $aIn testa al front.: Elsa, The european law students' association, Napoli. 620 $dNapoli$3VANL000005 702 1$aCorleto$bMichele$3VANV054581 712 $aESI $3VANV108662$4650 801 $aIT$bSOL$c20260130$gRICA 899 $aBIBLIOTECA DEL DIPARTIMENTO DI GIURISPRUDENZA$1IT-CE0105$2VAN00 912 $aVAN00069073 950 $aBIBLIOTECA DEL DIPARTIMENTO DI GIURISPRUDENZA$d00CONS I.Eb.73 $e00BFG1622 20090423 996 $aDiritto e diritti di fronte alla morte$9728908 997 $aUNICAMPANIA